000 00389ntaaa2200169 4500
003 01
005 20251027202958.0
008 0714s1973 ag 01
040 _aAR-BaBN
_bspa
_cAR-BaBN
_eaacr
_dRIC
082 _a982.0400 H16a
100 _aHalperin Donghi, Tulio
245 _aArgentina
250 _a1 ed.
260 _aBuenos Aires :
_bPaidós,
_c1972
300 _a430 p
942 _cBK
999 _c25172
_d25172